000 00348nam a22001451a 4500
082 _aS 294.551 3
_bKSE/V
100 _aKshemendra
245 _aVijnanabhairava/
_cby Kshemendra
260 _aVaranasi:
_bChaukambha Surbharathi Prakashan,
_c2011.
300 _a178p.
650 _aSaivism
650 _aHinduism
650 _aReligion
942 _cBK
999 _c49862
_d49862